Bohra Firqe Ke Aqaid Aur Uska Samaj Masai`l (Record no. 7910)

MARC details
000 -LEADER
fixed length control field 00589nam a2200229 a 4500
020 ## - INTERNATIONAL STANDARD BOOK NUMBER
ISBN
082 00 - DEWEY DECIMAL CLASSIFICATION NUMBER
Classification number 297.822
Author Cutter ENG2
100 ## - MAIN ENTRY--AUTHOR NAME
Author name Engineer, Asghar Ali
245 ## - TITLE STATEMENT
Title Bohra Firqe Ke Aqaid Aur Uska Samaj Masai`l
260 ## - PUBLICATION, DISTRIBUTION, ETC. (IMPRINT)
Place of publication Bombay
Name of publisher Shethia Audio Vidio Pvt. Ltd.
Year of publication 1983
300 ## - PHYSICAL DESCRIPTION
Number of Pages 68p
500 ## - GENERAL NOTE
General note includes index and biblioraphy
650 ## - SUBJECT ADDED ENTRY--TOPICAL TERM
Topical Term Dawoodi Bohras
942 ## - ADDED ENTRY ELEMENTS (KOHA)
Koha item type Books
700 1# -
-- Engineer, Asghar Ali
Holdings
Collection code Home library Current library Date acquired Cost, normal purchase price Full call number Accession Number Koha item type
  Henry Martyn Institute Library Henry Martyn Institute Library 07/09/2007 7.00 297.822 ENG2 010851 Books
                   Copyright © 2026 | Henry Martyn Institute | Hyderabad | TS-500052 | INDIA | Implemented by hmi.edu.in
Hit-Count:

Powered by Koha